Géographie de la France 100 questions progressives - Statistiques

Statistiques générales
  • Ce quiz a été pris 1 059 fois
    607 depuis la dernière actualisation
  • Le résultat moyen est 32 sur 100
Statistiques - réponses
% Question Réponse % Correct
1 Quelle est la capitale de la France ? Paris
100%
2 Combien la France compte-t-elle de régions métropolitaines ? (Corse comprise) 13
91%
16 Le point le plus bas de France se trouve dans le département... Bouches-du-Rhône | 13
91%
3 Sur quel fleuve se trouve Paris ? Seine
91%
4 Quel est le plus long fleuve ayant son cours intégralement en France ? Loire
90%
45 La Mayenne appartient à la région Pays-de-la-Loire
90%
75 Dans quelle mer se jette l'Aa Mer du nord | Nord
77%
65 Quel est l'ancien nom de ce département renommé en 1990 ? Côtes-du-Nord
76%
5 Quel est le département le plus septentrional ? Nord
76%
94 La bise est un vent du nord ou du sud ? Nord
76%
10 Ile située dans le golfe de Gascogne en deux lettres
73%
7 En superficie la France est le (...)e plus grand pays d'Europe 3 | troisième
72%
9 Dans quel massif se trouve le point culminant de la France ? Alpes
72%
8 Les côtes françaises mesurent environ 1800, 2800, 3800 ou 4800 km (métropole) ? 3800
70%
17 Quelle est la 10e ville de France en population ? Lille
70%
6 Quelle est la grande ville la plus éloignée de Nice ? Brest
69%
18 La Garonne prend sa source dans ce pays... Espagne
62%
11 Quel est le dernier des Départements et Régions d'Outre-mer par ordre alphabétique ? Réunion
54%
53 Dans quel département se trouve la commune de La Possession ? Réunion
54%
54 La population d'outre-mer représente quel pourcentage de la population totale de la France ? 4
51%
19 On situe généralement le centre géographique de la France dans ce département Cher
47%
24 De l'Allemagne ou de la France qui produit le plus de lait ? Allemagne
44%
20 Le climat de la France est dit Tempéré
43%
46 Citez un département ayant perdu du territoire lors de la création du Tarn-et-Garonne Aveyron | Haute-Garonne | Gers | Lot | Lot-et-Garonne
41%
66 Quel département est baigné par la mer Tyrrhénienne ? Corse
41%
55 Quelle est la plus grande île ? Noirmoutier ou Oléron Oléron
40%
74 Combien le Rhône traverse-t-il de départements ? 11
39%
57 De quelle région Orléans est-elle la préfecture ? Centre-val-de-Loire
39%
23 Le fruit le plus cultivé en France est le/la Pomme
38%
84 Citez une des quatre capitales romaines en Gaule Reims | Lyon | Saintes | Narbonne
38%
22 La France est le 1er producteur européen et le 5e mondial de cette céréale... Blé
37%
21 Paris a connu sa dernière grande inondation en 1910
36%
90 Combien de départements comptent le mot "Loire" dans leur nom ? 5
36%
27 Le point le plus à l'est de la France continentale métropolitaine est dans le département de/du/de la Bas-Rhin
36%
15 Le point le plus haut de France se trouve dans le département... Haute-Savoie | 74
35%
33 Le siège d'Interpol en France se trouve à Lyon
35%
14 La plus courte frontière de la France est avec ce pays Monaco
35%
56 Les puys d'Auvergne sont d'anciens volcans
35%
39 Quel est le département le plus septentrional de la région Auvergne-Rhône-Alpes Allier
34%
72 Le plus long affluent de la Loire est cette rivière Allier
34%
28 La Corrèze appartient à la région... Nouvelle-Aquitaine
34%
29 La plus longue frontière de France métropolitaine est avec ce pays dont la capitale est... Madrid
33%
58 Le territoire de Belfort faisait initialement partie de ce département Haut-Rhin
32%
26 Quel est le chef-lieu de la région Bourgogne ? Dijon
31%
60 Quel fleuve ne coule pas dans le département qui porte son nom ? Var
31%
34 La bataille d'Azincourt a eu lieu dans cet actuel département Pas-de-Calais
30%
13 La plus longue frontière de la France est avec ce pays Brésil
28%
30 Quel pays revendique l'île de Mayotte ? Comores
28%
40 L'archipel de Bréhat appartient à ce département Côtes-d'Armor
27%
59 Mont-de-Marsan est la préfecture du département Landes
27%
61 Citez avec la Savoie et la Haute-Savoie, le 3e département créé en 1860 Alpes-Maritimes | 06
26%
25 Que produit-on à Lacq ? Gaz
26%
12 Les îles Kerguelen appartiennent à quel territoire ? Terres Australes et Antarctiques Françaises | TAAF
25%
36 La 2e plus vaste région française métropolitaine est appelée Occitanie
23%
64 Le point culminant du Massif central est le Puy de Sancy
23%
76 Quel est le plus haut sommet du Massif central ? (3 mots) Puy de Sancy
23%
41 En quelle année sont créés les premiers départements ? 1790
22%
79 La forêt de Brocéliande s'étend sur deux départements, trouvez-en un Ille-et-Vilaine | Morbihan
22%
42 Dans quel département se trouve la montagne de Paris ? Aisne
21%
98 Combien y-a-t-il de communes en Guyane ? 22
20%
31 La France et l'Espagne partagent la souveraineté sur l'île des Faisans
19%
85 La France a connu les tempêtes Lothar et Martin en 1999
18%
69 La Nièvre appartient à la région Bourgogne-Franche-Comté
17%
38 La France est le 5e producteur mondial de viande caprine, équine, bovine, porcine ou ovine ? Bovine
17%
37 La Corse est une collectivité territoriale
17%
35 Comment se nomme l'enclave espagnole dans les Pyrénées-Orientales ? Llivia
16%
87 Angoulême est située sur quelle rivière ou fleuve ? Charente
15%
86 Avec un débit de 1663 m3, cette rivière, qui a donné son nom à un département, est un des plus petits affluents du Rhône. Drôme
15%
48 Pour fabriquer du sucre on produit en France métropolitaine le/la Betterave
14%
68 La France produit du pétrole dans deux bassins, citez-en un Parisien | Aquitain
14%
32 Quelles îles anglo-normandes appartiennent à la France ? Chausey
13%
47 Quel est le chef lieu de Wallis et Futuna ? Mata Utu
13%
77 Le Loir, sous-affluent de la Loire, se jette dans cette rivière Sarthe
13%
81 Quel département porte le numéro 70 ? Haute-Saône
12%
89 Le noroit et le suroit sont des vents de la région Normandie
12%
71 La ville la plus peuplée du Centre-Val-de-Loire est Tours
12%
70 La Corse a été scindée en deux départements en 1976
11%
43 En Guyane, quand se déroule la grande saison sèche (2 mois); Entre (...) et (...) août novembre
11%
51 La France métropolitaine compte environ, 88, 120, 144 ou 193 habitants au km2 ? 120
10%
50 La Seine-et-Oise et la Seine disparaissent par une loi de 1964
10%
78 Le Haut-Folin est le point culminant de ce massif Morvan
9%
96 Du fait de ses possessions en métropole et en outre-mer la France possède des frontières maritimes ou terrestres avec (...) pays 32
8%
83 La grotte de Lascaux est dans ce département Dordogne
8%
80 La France en possède 5 à Rome Eglises
8%
62 L'ancien nom du Maine-et-Loire est Mayenne-et-Loire
8%
67 Quel est le point culminant du Massif armoricain Mont des avaloirs
8%
73 Qui administre pour la France le Domaine de Ste Hélène (nom de la fonction) Consul
7%
91 Augustine Fouillée a écrit un manuel de lecture qui permet de découvrir la France, son titre ? Le tour de France par (2 mots) deux enfants
7%
44 La commune ayant connu la température la plus basse,-36.7°C est Mouthe
6%
63 Clipperton est aussi appelé île de la Passion
6%
92 La plus grande étendue d'eau naturelle entièrement française est l'étang de Berre
5%
49 Le département du Vaucluse a été créé après l'annexion du Comtat Venaissin
5%
95 Quelle principauté a été rattachée au département des Vosges en 1793 Salm
5%
52 Le chef-lieu de Saint-Barthélémy est Gustavia
4%
97 Dans quel pays actuel se situait le département de Corcyre ? Grèce
3%
93 Le phare de Gatteville est situé aux antipodes d'îles néozélandaises nommées îles Antipodes
2%
88 Le Massif central est de type Hercynien
2%
82 La commune à l'altitude la moins élevée de France est Ghyvelde
1%
99 La France est le 1er producteur mondial de ce légume Haricot vert
1%
100 Qui a cédé à la France la Casa de Velazquez à Madrid ? Alphonse XIII
0%
Aucun quiz correspondant
Distribution des résultats
% des personnes avec chaque résultat
Percentile par nombre de réponses
Votre historique - résultats
Vous n’avez pas pris ce quiz depuis la dernière actualisation